Základy manažmentu

Na minha lista:
Detalhes bibliográficos
Autor principal: Sedlák, Mikuláš
Formato: Livro
Idioma:eslovaco
Publicado em: Bratislava Alfa 1993
Edição:1. vyd.
Colecção:Edícia ekonomickej literatúry
Assuntos:
Tags: Adicionar Tag
Sem tags, seja o primeiro a adicionar uma tag!

MARC

LEADER 00000nam a2200000 4500
001 c005205
005 20221214083316.5
020 |a 80-05-01162-8 
041 0 |a slo 
044 |a SK 
245 1 0 |a Základy manažmentu  |c Mikuláš Sedlák 
250 |a 1. vyd. 
264 1 |a Bratislava  |b Alfa  |c 1993 
300 |a 203 s. 
490 1 |a Edícia ekonomickej literatúry 
830 0 |a Edícia ekonomickej literatúry 
610 2 0 |a manažment 
610 2 0 |a riadenie 
610 2 0 |a manažéri 
610 2 0 |a teória riadenia 
610 2 0 |a firmy 
100 1 |a Sedlák, Mikuláš